00302nam a2200133Ia 4500003000400000005001700004008004100021020001800062040000900080100002200089245003000111260001800141260000900159OSt20231211061657.0170524s9999 xx 000 0 und d a81-7391-632-2 ciimt aKhan-Mohd. Faisal 0aHospital waste Management bKanishka Pub. c2004